الاستصحاب و فاعليته فى عملية الاجتهاد عند إبن حزم /
Saved in:
| Main Author: | |
|---|---|
| Other Authors: | |
| Format: | Thesis |
| Language: | Arabic |
| Published: |
Kuala Lumpur :
al-Jami'ah al-Islamiyah al-'Alamiyah Maliziya,
1999
|
| Subjects: | |
| Online Access: | Click here to view 1st 24 pages of the thesis. Members can view fulltext at the specified PCs in the library. |
| Tags: |
Add Tag
No Tags, Be the first to tag this record!
|
| LEADER | 022560000a22004210004500 | ||
|---|---|---|---|
| 001 | 189364 | ||
| 005 | 20230713062736.0 | ||
| 008 | 000802s1999 my g 000 0 ara d | ||
| 035 | |a (Sirsi) 189364 | ||
| 040 | |a UIAM |b eng | ||
| 041 | 0 | |a ara | |
| 050 | 0 | 0 | |a BP148 |
| 100 | 1 | |a هنداوى، حسن بن إبراهيم |9 113664 | |
| 242 | 1 | 3 | |a al-Istishab wa-fa'iliyatuhu fi 'amaliyat al-ijtihad 'inda Ibn Hazm / |
| 245 | 1 | 2 | |a الاستصحاب و فاعليته فى عملية الاجتهاد عند إبن حزم / |c حسن بن إبراهيم الهنداوى |
| 260 | |a Kuala Lumpur : |b al-Jami'ah al-Islamiyah al-'Alamiyah Maliziya, |c 1999 | ||
| 300 | |a [xii] , 151 p. ; |c 30 cm. | ||
| 336 | |2 rdacontent | ||
| 337 | |2 rdamedia | ||
| 338 | |2 rdacarrier | ||
| 500 | |a "Bahth takmili muqaddam li-nayl darajat al-Majistir fi 'ulum al-wahy wa-al- turath (al-fiqh wa-usul al-fiqh)."--On t.p. | ||
| 500 | |a Abstracts in English and Arabic | ||
| 502 | |a Thesis (M.A.) -- International Islamic University Malaysia, 1999 | ||
| 504 | |a Includes bibliographical references (p. 146-151). | ||
| 600 | 1 | 0 | |a Ibn Hazm, 'Ali ibn Ahmad, |d 994-1064 |x Views on ijtihad |9 113665 |
| 650 | 0 | |a Islamic law |x Interpretation and construction |9 2508 | |
| 650 | 0 | |a Islamic law |x Sources | |
| 655 | 0 | 7 | |a Theses, IIUM local |
| 690 | 0 | |a Dissertations, Academic |x Department of Fiqh and Usul al-Fiqh |z IIUM | |
| 700 | 1 | |a Hendaoui, Hasan Ben Ibrahim |9 113666 | |
| 710 | 2 | |a International Islamic University Malaysia. |b Department of Fiqh and Usul Fiqh |9 18647 | |
| 856 | 4 | |u http://studentrepo.iium.edu.my/handle/123456789/8347 |z Click here to view 1st 24 pages of the thesis. Members can view fulltext at the specified PCs in the library. | |
| 900 | |a amag-bal-hm | ||
| 942 | |2 lcc |n 0 | ||
| 999 | |c 431398 |d 462889 | ||
| 952 | |0 0 |6 LU T BP 148 H662I 1999 |7 0 |8 THESES |9 751172 |a IIUM |b IIUM |c CLOSEACCES |g 0.00 |o lu t BP 148 H662I 1999 |p 00000616830 |r 2017-10-24 |t 1 |v 0.00 |y THESIS | ||
| 952 | |0 0 |6 T BP 148 H662I 1999 |7 0 |8 THESES |9 751173 |a IIUM |b IIUM |c MULTIMEDIA |g 0.00 |o t BP 148 H662I 1999 |p 00011275248 |r 2017-10-17 |t 2 |v 0.00 |y THESIS | ||
| 952 | |0 0 |6 TS CDF BP148H662I 1999 |7 0 |8 THESES |9 802586 |a IIUM |b IIUM |c MULTIMEDIA |g 0.00 |o ts cdf BP148H662I 1999 |p 11100325437 |r 2017-10-26 |t 1 |v 0.00 |y THESISDIG | ||
